Modern Airplane Manufacturers - Statistics

General Stats
  • This quiz has been taken 95 times
    69 since last reset
  • The average score is 9 of 25
Answer Stats
Hint Answer % Correct
USA Boeing
100%
France Airbus
96%
Brazil Embraer
71%
Canada Bombardier
65%
USA Lockheed Martin
49%
USA Cessna
47%
China Comac
47%
Sweden Saab
47%
Russia Tupolev
47%
Russia Sukhoi
39%
France ATR
37%
Switzerland Pilatus
35%
Russia Ilyushin
29%
France Dassault
24%
France Dassault
24%
UK De Havilland
24%
USA Northrop Grumman
22%
USA Piper
20%
USA Cirrus
18%
USA Gulfstream
18%
USA Beechcraft
16%
Austria Diamond
16%
Italy Piaggio
16%
UK BAE Systems
10%
USA Textron
10%
No matching quizzes found
Score Distribution
Percent of People with Each Score
Percentile by Number Answered
Your Score History
You have not taken this quiz since the last reset